| 000 | 00478nam a2200109Ia 4500 | ||
|---|---|---|---|
| 008 | 160909s9999 xx 000 0 und d | ||
| 100 | _aTampe, Tova Corinne | ||
| 245 | _aUrban Health Disparities in Sub-Saharan Africa and South Asia: Trends in Maternal and Child Health Care Access, Utilization and Outcomes among Urban Slum Residents | ||
| 260 |
_bThe George Washington University _c2016 |
||
| 650 | _aNursing | ||
| 856 | _uhttp://pqdtopen.proquest.com/doc/1778835907.html?FMT=ABS | ||
| 999 |
_c303966 _d303966 |
||